[Event "Druzynowe Mistrzostwa Polski Juniorow 2018 - II Liga"]
[Site "Szczyrk"]
[Date "1899-12-30"]
[Round "7.30"]
[White "Czerwinska, Oliwia"]
[Black "Mucha, Marta"]
[Result "1-0"]
[WhiteTitle "I"]
[BlackTitle "I+"]
[WhiteElo "1245"]
[BlackElo "1432"]

1. e4 d5 2. exd5 Qxd5 3. Nc3 Qd6 4. d4 Nf6 5. Nf3 c6 6. Bc4 Bg4 7. Be3 e6 8. h3
Bxf3 9. Qxf3 Be7 10. a3 Nbd7 11. O-O-O Nb6 12. Bb3 Nbd5 13. Ne2 a5 14. Qg3 Nxe3
15. fxe3 Qxg3 16. Nxg3 Bd6 17. Ne2 Ne4 18. Rhf1 b5 19. c4 Rc8 20. c5 Bc7 21. Bc2
Ng3 22. Nxg3 Bxg3 23. Rf3 Bc7 24. Rdf1 O-O 25. g4 Bd8 26. Bb3 Bh4 27. Kd2 h6 28.
Kc1 Rc7 29. Bxe6 Re7 30. Bb3 Bf6 31. Kd2 Rfe8 32. Kd3 Kf8 33. h4 a4 34. Ba2 Kg8
35. g5 hxg5 36. hxg5 Bxg5 37. Bxf7+ Rxf7 38. Rxf7 Rxe3+ 39. Kc2 Re2+ 40. Kb1 Bf6
41. Rc7 Bxd4 42. Rc8+ Kh7 43. Rh1+ Kg6 44. Rxc6+ Kf5 45. Rh5+ g5 46. Rh7 Rxb2+
47. Kc1 Ra2 48. Rb7 Rxa3 49. Rxb5 Rc3+ 50. Kd2 a3 51. Ra6 a2 52. Rxa2 Ke4 53.
Rc2 Rd3+ 54. Ke2 Re3+ 55. Kf1 Rf3+ 56. Kg2 g4 57. c6 Kf4 58. c7 Rg3+ 59. Kf1 Ke3
60. Rb3+ 1-0

[Event "Druzynowe Mistrzostwa Polski Juniorow 2018 - II Liga"]
[Site "Szczyrk"]
[Date "1899-12-30"]
[Round "7.31"]
[White "Sloniewski, Michal"]
[Black "Laszczak, Przemyslaw"]
[Result "0-1"]
[WhiteTitle "I"]
[BlackTitle "k"]
[WhiteElo "1806"]
[BlackElo "1990"]

1. c4 c6 2. Nf3 Nf6 3. Qc2 d5 4. d4 g6 5. g3 Bg7 6. Bg2 O-O 7. O-O Na6 8. Bf4 dxc4
9. Qxc4 Qb6 10. Qc1 Nd5 11. Bh6 Bxh6 12. Qxh6 Qxb2 13. Nbd2 f6 14. e4 Nc3 15.
Rae1 Qxa2 16. d5 cxd5 17. exd5 Rf7 18. Nd4 Nc7 19. d6 exd6 20. Re3 N3d5 21. Re2
Nc3 22. Re3 N3d5 23. Re2 Bd7 24. Rfe1 Re8 25. Ne4 Qa6 26. h4 Re5 27. Bf3 Rfe7
28. h5 Be8 29. hxg6 Bxg6 30. g4 Ne6 31. Nxe6 R7xe6 32. g5 f5 33. Nf6+ Nxf6 34.
Rxe5 dxe5 35. gxf6 Rxf6 36. Rc1 Be8 37. Bd5+ Kh8 38. Qh4 Rg6+ 39. Kh2 Rh6 0-1

[Event "Druzynowe Mistrzostwa Polski Juniorow 2018 - II Liga"]
[Site "Szczyrk"]
[Date "1899-12-30"]
[Round "7.32"]
[White "Kaluza, Maksymilian"]
[Black "Lendzion, Kamil"]
[Result "0-1"]
[WhiteTitle "II"]
[BlackTitle "II+"]
[WhiteElo "1357"]
[BlackElo "1663"]

1. d4 d5 2. c4 e6 3. Nc3 Nf6 4. cxd5 exd5 5. Bg5 Be7 6. e3 Nbd7 7. Qc2 h6 8. Bh4
O-O 9. Bd3 c6 10. Nge2 Re8 11. h3 Ne4 12. Bxe7 Qxe7 13. Nxe4 dxe4 14. Bc4 Nb6
15. Bb3 Qg5 16. O-O-O Nd5 17. Bxd5 cxd5 18. Rhg1 Bd7 19. Kb1 Bb5 20. Nc3 Bd3 21.
Rxd3 exd3 22. Qxd3 a6 23. Qe2 b5 24. Qf3 Red8 25. Qg4 Qe7 26. Qf5 Qd7 27. Qd3
Rab8 28. Ne2 a5 29. Rc1 b4 30. Rc5 a4 31. Nf4 Qb7 32. Qf5 b3 33. a3 Rbc8 34. Nd3
Qa6 35. Kc1 g6 36. Qg4 Rxc5+ 37. Nxc5 Qc4+ 38. Kd2 Qc2+ 39. Ke1 Qc1+ 40. Qd1 Qxb2
41. Nxa4 Qxa3 42. Nc5 b2 0-1

[Event "Druzynowe Mistrzostwa Polski Juniorow 2018 - II Liga"]
[Site "Szczyrk"]
[Date "1899-12-30"]
[Round "7.33"]
[White "Zarebska, Lena"]
[Black "Syrkiewicz, Michal"]
[Result "1-0"]
[WhiteTitle "I++"]
[BlackTitle "II+"]
[WhiteElo "1817"]
[BlackElo "1799"]

1. e4 e6 2. d4 d5 3. e5 c5 4. Nf3 Nc6 5. Bd3 cxd4 6. O-O Nge7 7. Bf4 Ng6 8. Bg3
Be7 9. Nbd2 O-O 10. Nb3 Qb6 11. h4 Rd8 12. h5 Nf8 13. h6 g6 14. Nh2 f5 15. exf6
Bxf6 16. Ng4 Bh8 17. Re1 Re8 18. Qf3 Qd8 19. Bb5 Nd7 20. Rad1 Nf6 21. Bh4 Rf8
22. Bxc6 bxc6 23. Ne5 Qc7 24. Qe2 c5 25. Bg3 Qb6 26. f3 a5 27. Qd2 a4 28. Nc1
Qxb2 29. Ncd3 Qb6 30. Qg5 Ra7 31. Rb1 Qa5 32. Nc6 Qa6 33. Nxa7 Qxa7 34. Bd6 Re8
35. Bxc5 Qc7 36. Bxd4 Rf8 37. c3 Ne8 38. Bxh8 Kxh8 39. Qe5+ Qxe5 40. Rxe5 Rf5
41. Rb8 Nd6 42. Rxe6 1-0

[Event "Druzynowe Mistrzostwa Polski Juniorow 2018 - II Liga"]
[Site "Szczyrk"]
[Date "1899-12-30"]
[Round "7.34"]
[White "Czarnomski, Dominik"]
[Black "Libura, Julianna"]
[Result "1/2-1/2"]
[WhiteTitle "II+"]
[BlackTitle "I"]
[WhiteElo "1454"]
[BlackElo "1540"]

1. c4 e6 2. g3 d5 3. Bg2 Nf6 4. Nf3 Be7 5. b3 c6 6. O-O O-O 7. Bb2 Nbd7 8. e3 Qb6
9. cxd5 exd5 10. d4 Ne4 11. Nbd2 Ndf6 12. Ne5 Bf5 13. Nxe4 Nxe4 14. f3 Nd6 15.
g4 f6 16. Nd3 Bxd3 17. Qxd3 f5 18. h3 Qc7 19. Ba3 fxg4 20. hxg4 Bh4 21. f4 Be7
22. Bf3 Rae8 23. Rf2 Ne4 24. Bxe4 dxe4 25. Qc4+ Kh8 26. Bb2 Qd7 27. Qe2 Qd5 28.
Rh2 Rf7 29. Rh5 Qd7 30. Qg2 Bf8 31. d5 Kg8 32. dxc6 Qxc6 33. Rc1 Qd6 34. Be5 Qd3
35. Bd4 g6 36. Rh2 Bg7 1/2-1/2

[Event "Druzynowe Mistrzostwa Polski Juniorow 2018 - II Liga"]
[Site "Szczyrk"]
[Date "1899-12-30"]
[Round "7.35"]
[White "Przepiora, Anna"]
[Black "Nowacka, Dorota"]
[Result "1-0"]
[WhiteTitle "I"]
[BlackTitle "I"]
[WhiteElo "1593"]
[BlackElo "1279"]

1. e4 e6 2. d4 d5 3. Nd2 Nf6 4. e5 Nfd7 5. Bd3 c5 6. c3 Nc6 7. Ne2 cxd4 8. cxd4
f6 9. Nf4 Nxd4 10. Qh5+ Ke7 11. Ng6+ hxg6 12. Qxh8 Kf7 13. exf6 Nxf6 14. Qh4 Nf5
15. Qg5 Be7 16. Nf3 Nd7 17. Qf4 Bf6 18. Bxf5 gxf5 19. Ng5+ Bxg5 20. Qxg5 Nf6 21.
O-O e5 22. b3 Qb6 23. Bb2 d4 24. Rad1 Be6 25. Rd3 Rh8 26. Qd2 Ne4 27. Qe2 Bd5
28. f4 Qe6 29. fxe5 Qxe5 30. Rxf5+ Qxf5 31. Rf3 Qxf3 32. Qxf3+ Nf6 33. Qf4 d3
34. Bxf6 gxf6 35. Qd4 Be4 36. Qxe4 Rd8 37. Qxb7+ Kg6 38. Qe4+ Kf7 39. Qe1 d2 40.
Qd1 Rd5 41. Kf2 Ke6 42. Ke2 Ke5 43. Qxd2 Rxd2+ 44. Kxd2 Kf4 45. b4 Ke4 46. a4
Kd4 47. h4 Kc4 48. h5 Kxb4 49. h6 Kxa4 50. h7 a5 51. Qh8 1-0

[Event "Druzynowe Mistrzostwa Polski Juniorow 2018 - II Liga"]
[Site "Szczyrk"]
[Date "1899-12-30"]
[Round "7.36"]
[White "Ziolo, Oliwia"]
[Black "Sloniewska, Alicja"]
[Result "0-1"]
[WhiteTitle "I"]
[BlackTitle "I"]
[WhiteElo "1130"]
[BlackElo "1409"]

1. d4 f5 2. c4 g6 3. Nc3 Nf6 4. h4 h6 5. h5 g5 6. Qd3 d6 7. e4 Nc6 8. exf5 Nb4
9. Qd2 Bxf5 10. Ne4 a5 11. a3 Nxe4 12. Qd1 Nc6 13. g4 Bh7 14. Bg2 Qd7 15. Be3
Bg7 16. Bf3 Nf6 17. Rc1 O-O 18. Nh3 Be4 19. Bxe4 Nxe4 20. O-O Nf6 21. f3 Nh7 22.
Qd2 Bf6 23. Qd3 e5 24. Qg6+ Qg7 25. d5 Ne7 26. Qc2 c6 27. dxc6 Nxc6 28. Qd3 Be7
29. Qd5+ Kh8 30. Nf2 Nf6 31. Qb5 Bd8 32. Rcd1 Qe7 33. Rd3 e4 34. fxe4 Nxe4 35.
Re1 Nf6 36. Red1 Ne5 37. Rxd6 Nf3+ 38. Kg2 Nh4+ 39. Kg1 Qxe3 0-1

[Event "Druzynowe Mistrzostwa Polski Juniorow 2018 - II Liga"]
[Site "Szczyrk"]
[Date "1899-12-30"]
[Round "7.37"]
[White "Nowak, Mikolaj"]
[Black "Topola, Rafal"]
[Result "1-0"]
[WhiteTitle "I++"]
[BlackTitle "I"]
[WhiteElo "2015"]
[BlackElo "1570"]

1. Nf3 Nf6 2. c4 e6 3. d4 d5 4. Nbd2 c5 5. cxd5 exd5 6. g3 Nc6 7. Bg2 Be7 8. O-O
O-O 9. dxc5 Bxc5 10. Nb3 Bb6 11. Nfd4 Bg4 12. Be3 Re8 13. Re1 Rc8 14. Rc1 Qd7
15. Nc5 Qe7 16. Nxc6 bxc6 17. b4 Nd7 18. Bd4 Nxc5 19. Bxc5 Bxc5 20. Rxc5 Qb7 21.
Qd2 Qa6 22. e3 Bf5 23. Rec1 h6 24. Bf1 Qb7 25. a3 Qd7 26. Qc3 Be4 27. Bg2 Re6
28. b5 Bxg2 29. Kxg2 Rf6 30. Rxc6 Rcxc6 31. bxc6 Qg4 32. Kg1 Qe2 33. Qxf6 1-0

[Event "Druzynowe Mistrzostwa Polski Juniorow 2018 - II Liga"]
[Site "Szczyrk"]
[Date "1899-12-30"]
[Round "7.38"]
[White "Nowak, Filip"]
[Black "Leskiewicz, Ignacy"]
[Result "0-1"]
[WhiteTitle "II+"]
[BlackTitle "I+"]
[WhiteElo "1595"]
[BlackElo "1856"]

1. e4 c5 2. Nf3 d6 3. d4 cxd4 4. Nxd4 Nf6 5. Nc3 a6 6. Be3 e5 7. Nb3 Be6 8. f3
Nbd7 9. Qd2 h5 10. O-O-O b5 11. Kb1 Nb6 12. Bxb6 Qxb6 13. Nd5 Bxd5 14. exd5 a5
15. g3 Be7 16. Bg2 a4 17. Nc1 O-O 18. Rhe1 Nd7 19. Nd3 Rfc8 20. Bh3 Qb7 21. Nb4
Rc4 22. Bxd7 Qxd7 23. Nc6 Bf6 24. Re4 Qf5 25. Qe2 a3 26. b3 Rc3 27. Rd3 Rxd3 28.
Qxd3 Qh3 29. Qe2 Bg5 30. Rb4 f5 31. Rxb5 e4 32. fxe4 fxe4 33. c4 Rf8 34. Rb8 Rxb8
35. Nxb8 Qf5 36. Nc6 e3+ 37. Kc1 Qf1+ 38. Qxf1 e2+ 0-1

[Event "Druzynowe Mistrzostwa Polski Juniorow 2018 - II Liga"]
[Site "Szczyrk"]
[Date "1899-12-30"]
[Round "7.39"]
[White "Klimkowski, Jan"]
[Black "Madajczak, Piotr"]
[Result "1/2-1/2"]
[WhiteTitle "I"]
[BlackTitle "I"]
[WhiteElo "1898"]
[BlackElo "1630"]

1. d4 Nf6 2. c4 c5 3. Nf3 e6 4. g3 d5 5. cxd5 Nxd5 6. Bg2 Nc6 7. O-O Be7 8. dxc5
O-O 9. Nbd2 Bxc5 10. Qc2 Be7 11. Ne4 f5 12. Nc3 Nxc3 13. Qxc3 Bf6 14. Qb3 Qe7
15. Be3 Kh8 16. Rac1 Re8 17. Bc5 Qf7 18. Rfd1 Qh5 19. e4 e5 20. exf5 Qxf5 21.
h4 Qe6 22. Ng5 Qxb3 23. axb3 Bxg5 24. hxg5 Bf5 25. Bxc6 bxc6 26. Rd6 Be4 27. Re1
Bd5 28. b4 e4 29. b5 Rad8 30. Rxd8 Rxd8 31. bxc6 Bxc6 32. Bxa7 h6 33. Rc1 Bb5
34. gxh6 gxh6 35. Be3 h5 36. Kh2 Be2 37. Kh3 Kg7 38. Rc6 Rd5 39. b4 Rf5 40. Kh4
Rd5 41. Bf4 Rb5 42. Bd6 Rf5 43. Bc5 Rd5 44. Be3 Rf5 45. Re6 Bd3 46. Bf4 Kf7 47.
Re5 Rxe5 48. Bxe5 Kg6 1/2-1/2

[Event "Druzynowe Mistrzostwa Polski Juniorow 2018 - II Liga"]
[Site "Szczyrk"]
[Date "1899-12-30"]
[Round "7.40"]
[White "Jaworski, Tymon"]
[Black "Radoch, Filip"]
[Result "1-0"]
[WhiteTitle "II"]
[BlackTitle "II"]
[WhiteElo "1386"]
[BlackElo "1128"]

1. c4 c5 2. Nc3 Nc6 3. d3 g6 4. g3 Bg7 5. Bg2 Nf6 6. Nf3 O-O 7. O-O Re8 8. Be3
d6 9. Qd2 Bf5 10. h3 a6 11. Bh6 Bh8 12. g4 Be6 13. Ng5 Qc8 14. Qf4 Bg7 15. Bxg7
Kxg7 16. Bd5 Ne5 17. Bxe6 fxe6 18. Na4 h6 19. Ne4 Qc7 20. Qe3 b5 21. f4 Nxc4 22.
Naxc5 Nxe3 23. Nxe6+ Kf7 24. Nxc7 Nxf1 25. Nxf6 Kxf6 26. Kxf1 Kf7 27. Nxa8 Rxa8
28. Rc1 Ra7 29. Kf2 Kf6 30. Rc8 Kf7 31. Ke3 e6 32. Rc6 d5 33. Rc8 a5 34. Kd4 a4
35. Kc5 Kg7 36. Kb6 Rf7 37. Rc7 Rxc7 38. Kxc7 Kf6 39. d4 g5 40. e3 Ke7 41. a3
gxf4 42. exf4 Kf6 43. Kc6 e5 44. fxe5+ Kg5 45. e6 Kf6 46. Kd7 h5 47. e7 h4 48.
Qe8 b4 49. Qe6+ Kg5 50. Qf5+ Kh6 51. Ke6 b3 52. Qf6+ Kh7 53. Qg5 Kh8 54. Kf6 1-0

[Event "Druzynowe Mistrzostwa Polski Juniorow 2018 - II Liga"]
[Site "Szczyrk"]
[Date "1899-12-30"]
[Round "7.41"]
[White "Waligora, Julia"]
[Black "Krzyzosiak, Anna"]
[Result "1-0"]
[WhiteTitle "I"]
[BlackTitle "I+"]
[WhiteElo "1424"]
[BlackElo "1552"]

1. e4 c5 2. Nf3 d6 3. d4 cxd4 4. Nxd4 Nf6 5. Nc3 g6 6. Be3 Bg7 7. f3 a6 8. Qd2
Nbd7 9. O-O-O b5 10. g4 Nb6 11. Qf2 Nc4 12. h4 Nxe3 13. Qxe3 Bb7 14. e5 Nxg4 15.
fxg4 Bxh1 16. exd6 Qxd6 17. Nf5 Qe5 18. Nxg7+ Qxg7 19. Bxb5+ axb5 20. Rxh1 e6
21. Qc5 f6 22. Qc6+ Ke7 23. Qb7+ Kf8 24. Qxa8+ Kf7 25. Qb7+ Kf8 26. Qxg7+ Kxg7
27. Nxb5 f5 28. gxf5 exf5 29. a4 Ra8 30. b3 h6 31. Rg1 Kf6 32. Kd2 g5 33. hxg5+
hxg5 34. Ke3 Re8+ 35. Kf3 g4+ 36. Kf2 Kg5 37. Nd6 Re7 38. Nxf5 Kxf5 39. a5 Kf4
40. b4 Rc7 41. Rc1 Re7 42. a6 g3+ 43. Kg1 Kg4 44. b5 Kh3 45. b6 Re2 46. b7 Rg2+
47. Kf1 Rh2 48. Qb8 Rh1+ 49. Ke2 Rxc1 50. Qh8+ 1-0

[Event "Druzynowe Mistrzostwa Polski Juniorow 2018 - II Liga"]
[Site "Szczyrk"]
[Date "1899-12-30"]
[Round "7.42"]
[White "Krzyzosiak, Marta"]
[Black "Malek, Sophie"]
[Result "1-0"]
[WhiteTitle "I"]
[BlackTitle "III"]
[WhiteElo "1579"]
[BlackElo "1000"]

1. e4 e5 2. Nf3 Nc6 3. Bc4 Bc5 4. O-O Nf6 5. d3 O-O 6. c3 d6 7. a4 a5 8. Bg5 h6
9. Bh4 Qe7 10. Nbd2 Be6 11. Re1 Bxc4 12. Nxc4 Rab8 13. d4 exd4 14. cxd4 Bb4 15.
Re2 Rfd8 16. Qc2 b6 17. e5 dxe5 18. dxe5 g5 19. exf6 Qxf6 20. Bg3 b5 21. axb5
Rxb5 22. h3 Rc5 23. Qe4 Ne7 24. Qxe7 Qxe7 25. Rxe7 Rxc4 26. Rxc7 Re4 27. Rac1
Ree8 28. Rb7 Be7 29. Rcc7 Bd6 30. Bxd6 Rxd6 31. Rxf7 Rg6 32. Rfc7 Rf8 33. Ne5
Rgf6 34. Rg7+ Kh8 35. Rh7+ Kg8 36. Rbg7# 1-0

[Event "Druzynowe Mistrzostwa Polski Juniorow 2018 - II Liga"]
[Site "Szczyrk"]
[Date "1899-12-30"]
[Round "7.43"]
[White "Kucharski, Daniel"]
[Black "Kus, Aleksander"]
[Result "1/2-1/2"]
[WhiteTitle "II"]
[BlackTitle "k"]
[WhiteElo "1532"]
[BlackElo "1934"]

1. d4 Nf6 2. c4 g6 3. Nf3 Bg7 4. g3 O-O 5. Bg2 d6 6. O-O Nc6 7. Nc3 a6 8. b3 Rb8
9. Bb2 b5 10. cxb5 axb5 11. e3 b4 12. Ne2 Na5 13. Rc1 Ba6 14. Re1 Qd7 15. Nf4
Bb7 16. Nd3 Be4 17. Qd2 Qb5 18. Red1 Qb6 19. Nh4 Bxg2 20. Nxg2 Rfc8 21. Rc2 Ne4
22. Qe1 Ng5 23. Nh4 Qb7 24. Rdc1 Bf6 25. Nf4 Kg7 26. Qd1 Ra8 27. d5 Ne4 28. Bxf6+
Nxf6 29. Nf3 c6 30. dxc6 Rxc6 31. Nd2 Rac8 32. Ne2 Rxc2 33. Rxc2 Qa6 34. Rxc8
Qxc8 35. Qc1 Qa6 36. Nd4 e5 37. Nc2 Nc6 38. a3 bxa3 39. Qxa3 Qd3 40. Qc1 Na5 41.
Ne1 Qb5 42. Qc2 Nb7 1/2-1/2

[Event "Druzynowe Mistrzostwa Polski Juniorow 2018 - II Liga"]
[Site "Szczyrk"]
[Date "1899-12-30"]
[Round "7.44"]
[White "Nowak, Patrycja"]
[Black "Burdzicki, Stanislaw"]
[Result "0-1"]
[WhiteTitle "II"]
[BlackTitle "II+"]
[WhiteElo "1160"]
[BlackElo "1623"]

1. e4 c5 2. Nf3 g6 3. d4 cxd4 4. Nxd4 Nc6 5. c4 d6 6. Be3 Nf6 7. Nc3 Ng4 8. Nxc6
bxc6 9. Bf4 Qb6 10. Qd2 Rb8 11. f3 Nf6 12. Rb1 Be6 13. Be2 Bg7 14. Be3 Qb7 15.
O-O O-O 16. h3 d5 17. e5 Nd7 18. cxd5 cxd5 19. f4 f6 20. exf6 Nxf6 21. Bd4 Rbd8
22. Qe3 Bf5 23. Rbd1 Qxb2 24. Bxf6 Bxf6 25. Nxd5 Qxa2 26. Nxe7+ Bxe7 27. Qxe7
Rde8 28. Bc4+ Qxc4 29. Qxa7 Re2 30. Rc1 Qe4 31. Rf2 Rxf2 32. Qxf2 Bd7 33. Rc7
Bc6 34. Qb2 Rf7 35. Rc8+ Be8 36. Qa2 Qe3+ 37. Kh1 Kg7 38. Qb2+ Kh6 39. Qh8 Rxf4
40. Kh2 Rf1 41. Rc4 Qe1 0-1

[Event "Druzynowe Mistrzostwa Polski Juniorow 2018 - II Liga"]
[Site "Szczyrk"]
[Date "1899-12-30"]
[Round "7.45"]
[White "Kaliszuk, Kamil"]
[Black "Franc, Piotr"]
[Result "1-0"]
[WhiteTitle "II"]
[BlackTitle "II"]
[WhiteElo "1457"]
[BlackElo "1196"]

1. c4 e5 2. g3 Nc6 3. Bg2 Bc5 4. Nc3 Nf6 5. e3 O-O 6. a3 a6 7. Nge2 d6 8. O-O Be6
9. d4 exd4 10. exd4 Bxc4 11. dxc5 dxc5 12. Be3 Ng4 13. Qxd8 Raxd8 14. Rfd1 Nxe3
15. fxe3 Na5 16. Kf2 c6 17. Rxd8 Rxd8 18. Rd1 Re8 19. b4 cxb4 20. axb4 Bxe2 21.
Nxe2 Nc4 22. e4 Ne5 23. Bh3 g6 24. Nc3 f5 25. exf5 gxf5 26. Na4 Ng4+ 27. Bxg4
fxg4 28. Nc5 b6 29. Nxa6 Ra8 30. Nc7 Ra4 31. Rb1 Ra7 32. Ne6 Ra2+ 33. Kg1 Rc2
34. Nd4 Rc4 35. Nf5 h5 36. Ne3 Re4 37. Kf2 Kf7 38. Ke2 Ke6 39. Kd3 Re5 40. Rc1
Kd7 41. Rc4 Ke8 1-0

[Event "Druzynowe Mistrzostwa Polski Juniorow 2018 - II Liga"]
[Site "Szczyrk"]
[Date "1899-12-30"]
[Round "7.46"]
[White "Dopierala, Adam"]
[Black "Binek, Dawid"]
[Result "0-1"]
[WhiteTitle "II"]
[BlackTitle "II"]
[WhiteElo "1164"]
[BlackElo "1325"]

1. e4 e5 2. Nf3 Nc6 3. Bc4 Bc5 4. c3 Nf6 5. d3 d6 6. b4 Bb6 7. Nbd2 O-O 8. O-O
Be6 9. a4 a5 10. Bxe6 fxe6 11. b5 Ne7 12. Qb3 Qd7 13. Nc4 Ba7 14. Nxa5 Bxf2+ 15.
Rxf2 Rxa5 16. Ng5 d5 17. Ba3 Re8 18. Qb4 b6 19. h3 Ng6 20. c4 h6 21. Nf3 dxe4
22. dxe4 Nxe4 23. Re2 Nc5 24. Bb2 e4 25. Ne5 Nxe5 26. Bxe5 Rea8 27. Rd2 Qe7 28.
Bd4 Rxa4 29. Rxa4 Rxa4 30. Bxc5 Qxc5+ 31. Qxc5 bxc5 32. Rc2 Kf7 33. Kf2 Kf6 34.
Ke3 Ke5 35. Ke2 Ra3 36. Rd2 e3 37. Rd7 Ke4 38. Re7 Ra2+ 39. Ke1 Kd3 40. Rd7+ Kxc4
41. Rxc7 Kxb5 42. Rxg7 Kc4 43. Rd7 Rxg2 44. Rd6 Rg3 45. Rxe6 Rxh3 46. Ke2 Kc3
47. Rd6 c4 48. Rc6 h5 49. Re6 Kc2 50. Rxe3 Rxe3+ 51. Kxe3 Kb2 52. Kd4 0-1

[Event "Druzynowe Mistrzostwa Polski Juniorow 2018 - II Liga"]
[Site "Szczyrk"]
[Date "1899-12-30"]
[Round "7.47"]
[White "Orlik, Sandra"]
[Black "Roszkiewicz, Anna"]
[Result "1-0"]
[WhiteTitle "I++"]
[BlackTitle "I++"]
[WhiteElo "1683"]
[BlackElo "1666"]

1. e4 c5 2. Nf3 d6 3. d4 cxd4 4. Qxd4 Nc6 5. Bb5 Bd7 6. Qd3 Nf6 7. c4 g6 8. Nc3
Bg7 9. O-O O-O 10. h3 Rc8 11. Be3 a6 12. Bxc6 Bxc6 13. Nd4 Nd7 14. Rac1 Ne5 15.
Qe2 Bd7 16. b3 Nc6 17. Rfd1 Nxd4 18. Bxd4 Bxd4 19. Rxd4 b5 20. Nd5 Be6 21. Rc2
Bxd5 22. Rxd5 bxc4 23. Rxc4 Qb6 24. Rd2 Qb5 25. Rdc2 Rxc4 26. Qxc4 e6 27. a4 Qb7
28. Rc3 Rb8 29. f3 Qb6+ 30. Kf1 Kg7 31. Qc6 a5 32. Qxb6 Rxb6 33. Ke2 Kf6 34. f4
e5 35. Kf3 exf4 36. Kxf4 g5+ 37. Kf3 Ke6 38. Rd3 Rc6 39. Ke3 Rc5 40. Kd4 Rc2 41.
g4 Rc5 42. Rc3 Re5 43. Rc6 h6 44. Rb6 f6 45. Rb5 Rxb5 46. axb5 Kd7 47. Kd5 Kc7
48. Ke6 Kb6 49. Kxd6 Kxb5 50. Ke6 Kb4 51. Kxf6 Kxb3 52. e5 a4 53. e6 a3 54. e7
a2 55. Qe8 Qa1+ 56. Kg6 Qa6+ 57. Kh5 Qf6 58. Qb5+ Kc3 59. Qf5 Qd6 60. Qc8+ Kd4
61. Qh8+ Ke4 62. Qxh6 Qe5 63. Qxg5 Qh8+ 64. Qh6 Qe5+ 65. g5 Qg3 66. Qe6+ Kd4 67.
Qg4+ Qxg4+ 68. hxg4 Ke5 69. Kh6 1-0

[Event "Druzynowe Mistrzostwa Polski Juniorow 2018 - II Liga"]
[Site "Szczyrk"]
[Date "1899-12-30"]
[Round "7.48"]
[White "Roszkiewicz, Zofia"]
[Black "Bienek, Magdalena"]
[Result "1-0"]
[WhiteTitle "I"]
[BlackTitle "II"]
[WhiteElo "1265"]
[BlackElo "1149"]

1. e4 c5 2. Nf3 e6 3. d4 cxd4 4. Nxd4 a6 5. Bd3 Qc7 6. c4 Nc6 7. Nxc6 Qxc6 8. Nc3
d6 9. O-O Nf6 10. Bf4 Be7 11. Re1 O-O 12. e5 dxe5 13. Bxe5 b6 14. Bxf6 Bxf6 15.
Be4 Qxc4 16. Bxa8 Rd8 17. Qe2 Qc7 18. Be4 Bb7 19. Bxb7 Qxb7 20. Rad1 Rc8 21. Ne4
Be7 22. Nd6 Bxd6 23. Rxd6 Rf8 24. Red1 b5 25. Rd8 Qe7 26. Rxf8+ Kxf8 27. Qd3 g6
28. Qd8+ Qxd8 29. Rxd8+ Kg7 30. Ra8 Kf6 31. Rxa6 b4 32. Rb6 Kg7 33. a4 bxa3 34.
bxa3 Kf6 35. a4 Ke7 36. a5 Kd8 37. a6 Kc7 38. Rb1 Kd6 39. a7 Ke7 40. Qa8 1-0

[Event "Druzynowe Mistrzostwa Polski Juniorow 2018 - II Liga"]
[Site "Szczyrk"]
[Date "1899-12-30"]
[Round "7.49"]
[White "Kupiecki, Szymon"]
[Black "Matyszkiewicz, Wiktor"]
[Result "1/2-1/2"]
[WhiteTitle "I"]
[BlackTitle "I"]
[WhiteElo "1644"]
[BlackElo "1771"]

1. e4 c5 2. Nf3 a6 3. d4 cxd4 4. Nxd4 e5 5. Nb3 Nf6 6. Nc3 Bb4 7. Bd2 Bxc3 8. Bxc3
Nxe4 9. Bxe5 Qe7 10. Qd4 f6 11. Qxe4 Qxe5 12. Bd3 d5 13. Qe2 Nc6 14. f4 Qxe2+
15. Bxe2 Bf5 16. c3 Kf7 17. O-O-O Rhd8 18. Nd4 Nxd4 19. Rxd4 Be4 20. Rg1 f5 21.
h3 Rd6 22. g4 Rh6 23. Bf1 fxg4 24. hxg4 Rh2 25. Rd2 Rxd2 26. Kxd2 Re8 27. Rg3
Bb1 28. a3 Re4 29. Bg2 Rxf4 30. Bxd5+ Ke7 31. Bxb7 Rf2+ 32. Ke3 Rxb2 33. Bxa6
Rb3 34. Kd4 Rxa3 35. Bd3 Bxd3 36. Rxd3 Kd6 37. Rh3 h6 38. Rh5 Ra1 39. Rf5 Rg1
40. Rf4 Rh1 41. Rf7 Rh4 42. Rxg7 h5 43. Rg6+ Kc7 44. Ke5 Rxg4 1/2-1/2

[Event "Druzynowe Mistrzostwa Polski Juniorow 2018 - II Liga"]
[Site "Szczyrk"]
[Date "1899-12-30"]
[Round "7.50"]
[White "Bujalski, Mateusz"]
[Black "Niedbala, Bartlomiej"]
[Result "1-0"]
[WhiteTitle "I"]
[BlackTitle "I++"]
[WhiteElo "1804"]
[BlackElo "2001"]

1. e4 c5 2. Nf3 d6 3. d4 cxd4 4. Nxd4 Nf6 5. Nc3 g6 6. Be3 Bg7 7. Be2 O-O 8. Qd2
Nc6 9. f3 d5 10. Nxc6 bxc6 11. Rd1 Qc7 12. exd5 Nxd5 13. Nxd5 cxd5 14. c3 Rd8
15. O-O e5 16. f4 f6 17. Bf3 Be6 18. g4 Kh8 19. h3 Rd7 20. fxe5 fxe5 21. Bh6 Re8
22. Bxg7+ Kxg7 23. Qg2 d4 24. Bc6 Bxa2 25. Bxd7 Qxd7 26. cxd4 exd4 27. Qf2 d3
28. Ra1 Bd5 29. Rxa7 Bb7 30. Qb6 Rb8 31. Qf6+ Kg8 32. Qf4 Re8 33. Qb4 Re7 34.
Qc4+ Kg7 35. Rxb7 Qxb7 36. Qd4+ Kh6 37. Qf4+ 1-0

[Event "Druzynowe Mistrzostwa Polski Juniorow 2018 - II Liga"]
[Site "Szczyrk"]
[Date "1899-12-30"]
[Round "7.51"]
[White "Lichorad, Mateusz"]
[Black "Pancewicz, Szymon"]
[Result "1-0"]
[WhiteTitle "I"]
[BlackTitle "II"]
[WhiteElo "1770"]
[BlackElo "1465"]

1. e4 c5 2. Nf3 e6 3. d4 cxd4 4. Nxd4 Nf6 5. Bd3 Nc6 6. Nxc6 bxc6 7. O-O d5 8.
e5 Nd7 9. Re1 Qc7 10. f4 Bc5+ 11. Kh1 O-O 12. Nd2 a5 13. Nf3 Ba6 14. Ng5 g6 15.
Bxa6 Rxa6 16. Qd3 Rfa8 17. Qh3 Nf8 18. a4 Be7 19. b3 Bxg5 20. fxg5 c5 21. Ba3
Rb6 22. Qf3 Rab8 23. Rf1 R8b7 24. Qf6 Rc6 25. Rf3 Qe7 26. Qf4 Qc7 27. Raf1 c4
28. Qf6 Rc5 29. Bxc5 Qxc5 30. Qf4 cxb3 31. cxb3 Qb4 32. Qxb4 axb4 33. h4 Re7 34.
Rf4 Rb7 35. a5 Kg7 1-0

[Event "Druzynowe Mistrzostwa Polski Juniorow 2018 - II Liga"]
[Site "Szczyrk"]
[Date "1899-12-30"]
[Round "7.52"]
[White "Sidorczuk, Pawel"]
[Black "Chmiel, Pawel"]
[Result "1-0"]
[WhiteTitle "II"]
[BlackTitle "II"]
[WhiteElo "1393"]
[BlackElo "1256"]

1. e4 e5 2. Nf3 Nc6 3. Bc4 Bc5 4. b4 Bxb4 5. c3 Ba5 6. d4 exd4 7. O-O Nge7 8. cxd4
h6 9. d5 Nb8 10. Bb2 Rg8 11. Qa4 c6 12. d6 b5 13. dxe7 Kxe7 14. Qa3+ Ke8 15. Bd3
Bc7 16. Nbd2 d6 17. e5 dxe5 18. Bxe5 Be6 19. Bxc7 Qxc7 20. Nd4 Kd8 21. Rfe1 Re8
22. Rac1 Qd7 23. Nxb5 a5 24. Nd6 Re7 25. N2c4 Bxc4 26. Rxe7 Qxe7 27. Nxc4 Qxa3
28. Nxa3 Kc7 29. Nb5+ Kd7 30. Bf5+ Ke7 31. Nd4 g6 32. Be4 Ra7 33. Nxc6+ Nxc6 34.
Rxc6 Rd7 35. h3 Rd1+ 36. Kh2 Rd2 37. Rc2 Rd4 38. Re2 Kf6 39. Kg3 h5 40. Kf3 Rb4
41. g4 hxg4+ 42. hxg4 Kg5 43. Kg3 f5 44. f4+ Kf6 45. Bd5 fxg4 46. Kxg4 Rd4 47.
Re6+ Kf7 48. Re5+ Kf6 49. Bb3 a4 50. Re6+ Kg7 51. Bc2 Kf7 52. Rxg6 Rd2 53. Rc6
a3 54. Bb3+ Kg7 55. Ra6 Rg2+ 56. Kf5 Rd2 57. Rxa3 1-0

[Event "Druzynowe Mistrzostwa Polski Juniorow 2018 - II Liga"]
[Site "Szczyrk"]
[Date "1899-12-30"]
[Round "7.53"]
[White "Kulpa, Zuzanna"]
[Black "Tkaczyk, Weronika"]
[Result "1/2-1/2"]
[WhiteTitle "I++"]
[BlackTitle "I++"]
[WhiteElo "1818"]
[BlackElo "1502"]

1. Nf3 d5 2. d4 e6 3. c4 Nf6 4. g3 Bb4+ 5. Bd2 Bxd2+ 6. Nbxd2 O-O 7. Bg2 c6 8.
O-O Nbd7 9. Qc2 b6 10. e4 dxe4 11. Nxe4 Nxe4 12. Qxe4 Bb7 13. Rfd1 Qc7 14. Ne5
Nxe5 15. dxe5 Rad8 16. b4 Ba8 17. c5 bxc5 18. bxc5 Rd5 19. Rxd5 cxd5 20. Qd4 Rc8
21. Rc1 Bc6 22. Bf1 Qa5 23. Qb2 h6 24. Bd3 Kf8 25. f4 g6 26. Rc3 Kg7 27. Qc1 Rb8
28. Qa3 Qc7 29. Rb3 Kf8 30. Qa6 Rc8 31. Ra3 Ra8 32. Kf2 Kg7 33. Ke3 Qd7 34. Kd4
Qc7 35. Qa5 Qd7 36. Rb3 Rc8 37. Bb5 Bxb5 38. Rxb5 Qc6 39. Qb4 Rc7 40. Ra5 Rb7
41. Qa4 Qc7 42. c6 Qb6+ 43. Kd3 Qb1+ 44. Qc2 Qf1+ 45. Qe2 Qb1+ 46. Qc2 Qf1+ 47.
Kd2 Qf2+ 48. Kc3 Qe3+ 49. Qd3 d4+ 50. Kc4 Rb4+ 51. Kxb4 Qxd3 52. Rc5 Qb1+ 53.
Kc4 d3 54. c7 1/2-1/2

[Event "Druzynowe Mistrzostwa Polski Juniorow 2018 - II Liga"]
[Site "Szczyrk"]
[Date "1899-12-30"]
[Round "7.54"]
[White "Wolszczak, Natalia"]
[Black "Kulpa, Karolina"]
[Result "1/2-1/2"]
[WhiteTitle "II+"]
[BlackTitle "I"]
[WhiteElo "1079"]
[BlackElo "1323"]

1. e4 Nf6 2. e5 Nd5 3. d4 d6 4. exd6 cxd6 5. c4 Nb6 6. Nc3 Nc6 7. Be3 g6 8. Nf3
Bg7 9. Rc1 O-O 10. h3 Nd7 11. Bd3 b6 12. O-O Bb7 13. a3 Rc8 14. b4 e6 15. Ne4
Qe7 16. c5 dxc5 17. dxc5 Nce5 18. Nxe5 Bxe5 19. Bb5 Bxe4 20. Qxd7 Qxd7 21. Bxd7
Rc7 22. Bb5 bxc5 23. Bxc5 Rfc8 24. Rce1 f5 25. f3 Bc3 26. fxe4 Bxe1 27. Rxe1 Kf7
28. Kf2 Kf6 29. Kf3 e5 30. g3 h6 31. Rd1 fxe4+ 32. Kxe4 Kf7 33. Kxe5 h5 34. Rf1+
Kg7 35. Rf6 Rxc5+ 36. bxc5 Rxc5+ 37. Ke6 Rxb5 38. Rf7+ Kh6 1/2-1/2